000 00522nam a2200193Ia 4500
005 20250923145954.0
008 008 250917s9999 xx 000 0 eng d
037 _aTextual
040 _aDSWL
_beng
_cDSWL
041 _aeng
_2eng
084 _aY11.1'N85tu, N97
_qDSWL
245 4 _aThe State of the World's Children
260 _bOxford University Press (UNICEF)
_c1997
300 _a107 p.
365 _bGift
925 _gGift
942 _cTEXL
_hY11.1'N85tu, N97
999 _c1457991
_d1457991